แสดงรายละเอียดบรรณานุกรม
  กลับหน้าหลัก

Brief Record : Get Marc (ISO 2709) : E-mail record : QR code ปิดหน้าต่าง
E-books : เกี่ยวกับ Collections
LEADER 00000nam 2200000uu 4500
001    211636
003     ULIBM
008    170707s||||||||th 000 0 tha d
020    ^a9786162540080
041    ^atha
090    ^aนว จ758 2554
100 0  ^aเจ้าหญิงอาราเล่น้อย
245 00 ^a90 วันกับภารกิจพิชิตใจ นายมือกลองสุดหล่อ/^bเจ้าหญิงอาราเล่น้อย
260    ^aกรุงเทพฯ:^bแฮปปี่บุ๊คส์,^c2554
300    ^a208หน้า
650  4 ^aนวนิยายไทย
999    ^aใช้งานได้ทุกระบบ
รายการนี้ยังไม่มีแท็ก
คุณยังไม่ได้ล็อกอิน คุณสามารถมีกิจกรรมร่วมกับเว็บไซต์ได้ แต่ต้องล็อกอินก่อน ::
  ล็อกอิน
ลำดับที่ ประเภท เลขเรียก สถานที่ สถานะ
1. นวนิยาย
นวนิยาย
นว จ758 2554  
  
ชั้นนวนิยาย On Shelf
  ขอยืม
Note:บริจาค
   [แสดง 1/1 รายการ]

รายการใกล้เคียง
    หัวเรื่อง [นวนิยายไทย]

BibComment


ยังไม่เคยถูกคอมเมนท์

คอมเมนท์ทรัพยากรรายการนี้
  คอมเมนท์: 90 วันกับภารกิจพ..
Bib 211636

 
 
 

 Union Library Management : ULibM
Copyright 2026. All Rights Reserved.
скачать бесплатно без регистрации порно красивый секс HD Sex Hindi sex

xxx gou

xxxx

bfxxx

xxxwww

Секса Видео

xxxx

Секса Видео

detube

geilexxx

C99 Shell

worms shell

blod xxx video
Ebony Coed Rihanna Rimes Takes A Dick In Her Young Twat priyaa indian fuck anal and pusssy hardcore indian women xxx desi hardcore fucking part 1 bengalixxxcouple